000 005930000a22001810004500
003 MACL
005 20160401135000.0
008 160401b xxu||||| |||| 00| 0 eng d
040 _aMACL
_cMACL
041 _aHindi
082 _a333
100 _aराठौर नंजला
_949626
245 _aपुराण-साहित्‍य में पर्यावरण-संरक्षण
260 _bडीसेन्‍ट बुक्‍स
_c2001
_aनई दिल्‍ली
350 _a300
650 _aEconomics Of Land & Energy
_933557
942 _cHIN
_k333
_2ddc
999 _c12654
_d12654